export_success — 

Jeanne III d'Albret : chronique, 1528-1572 /

Saved in:
Bibliographic Details
Main Author: Berdou d'Aas, Bernard, 1955-
Format: Book
Language:French
Published: Biarritz : Atlantica, c2002.
Subjects:
Tags: Add Tag
No Tags, Be the first to tag this record!
LEADER 01856nam a22003614a 4500
001 009200727-9
005 20031002143129.0
008 020612s2002 fr a b 000 0bfre
010 |a  2002493796 
020 |a 2843944848 
035 0 |a ocm50128166 
040 |a DLC  |c DLC  |d TZT  |d VA@  |d CLU  |d AUXAM 
042 |a pcc 
043 |a e-fr--- 
050 0 0 |a DC112.J4  |b B47 2002 
072 7 |a DC  |2 lcco 
082 1 4 |a 944  |2 1 
100 1 |a Berdou d'Aas, Bernard,  |d 1955- 
245 1 0 |a Jeanne III d'Albret :  |b chronique, 1528-1572 /  |c Bernard Berdou d'Aas. 
260 |a Biarritz :  |b Atlantica,  |c c2002. 
300 |a 558 p. :  |b ill. ;  |c 21 cm. 
504 |a Includes bibliographical references (p. [533]-554). 
505 0 |a La vache a fait une brebis, les origines-1528 -- La mignonne des deux rois, 1529-Mars 1540 -- Un instrument politique, Avril 1540-1541 -- Un mariage d'amour, 1542-Janvier 1549 -- Fille et mignonne, et femme et mestresse, Février 1549-Mai 1555 -- Reine et vicomtesse, Juin 1555-Juillet 1559 -- La conversion publique, eté 1559-Décembre 1560 -- Rupture et séparation, Janvier 1561-Novembre 1562 -- Je ne recognois en Béarn que Dieu, Décembre 1562-Février 1567 -- Les combats contre Sathan, printemps 1567-1569 -- La difficile construction de la paix, 1570-1571 -- L'année tragique, 1572 -- Après la mort de Jeanne. 
600 0 0 |a Jeanne d'Albret,  |c Queen of Navarre,  |d 1528-1572. 
650 0 |a Queens  |z France  |v Biography. 
650 0 |a Huguenots  |z France  |v Biography 
600 0 0 |a Henry  |b IV,  |c King of France,  |d 1553-1610. 
651 0 |a France  |x Kings and rulers  |x Mothers  |v Biography. 
651 0 |a France  |x History  |y Charles IX, 1560-1574. 
650 0 |a Huguenots  |v Biography. 
776 0 8 |i Online version:  |a Berdou d'Aas, Bernard, 1955-  |t Jeanne III d'Albret.  |d Biarritz : Atlantica, ©2002  |w (OCoLC)606817859 
988 |a 20030924 
906 |0 DLC